000 00300 a2200157 4500
001 173868
020 _a
040 _cMagnum
100 _aMatuck, Ruvens
240 1 0 _aO cerrado
_lpor
245 1 0 _aO cerrado
362 0 _a1899
440 1 _aÁtica
697 _aIJ/PARADIDATICO
942 _cBK
999 _c173868
_d173868